| 000 | 00760na a2200253 4500 | ||
|---|---|---|---|
| 001 | 17537 | ||
| 003 | MIRAKIL | ||
| 005 | 20181213155126.0 | ||
| 008 | 161025b tu 000 0 | ||
| 035 | _a17537 | ||
| 040 |
_aMilas _btur _cTR-AnCHP |
||
| 041 | _atur | ||
| 082 |
_a331.8894 _bA86 1999 |
||
| 090 | _a331.8894 A86 1999 | ||
| 245 |
_aAvrupa Sendikal hareketi _bdünü, bugünü ve geleceği _cTürk Harp-İş Sendikası ; çevirenler Bülent Piyal, Yavuz Selda, Dadal Günçe |
||
| 260 |
_aAnkara _bTürk Harb-İş Sendikası _c1999 |
||
| 300 |
_a239 s. _btbl. ; grf. _c23 sm. |
||
| 504 | _aKaynakça var. | ||
| 650 |
_aSendikalar _zAvrupa |
||
| 700 | _aGünçe, Dadal | ||
| 700 | _aYavuz, Selda | ||
| 700 | _aPiyal, Bülent | ||
| 942 |
_2ddc _cBKS |
||
| 999 |
_c7028 _d7028 |
||